Speeches that changed the world : over 100 of the most influential speeches ever made
| Other Authors: | |
|---|---|
| Format: | Book |
| Published: |
UK :
Bounty Books ,
2006
|
| Subjects: |
MARC
| LEADER | 00000cam a2200000 7i4500 | ||
|---|---|---|---|
| 001 | 0000030036 | ||
| 005 | 20101210.0 | ||
| 008 | 101210 | ||
| 020 | |a 0753712528 | ||
| 090 | 0 | 0 | |a 808.85 |b SPE |
| 245 | 1 | 0 | |a Speeches that changed the world : |b over 100 of the most influential speeches ever made |c compiled by Cathy Lowne |
| 260 | |a UK : |b Bounty Books , |c 2006 | ||
| 650 | 0 | |a Speeches, addresses, etc | |
| 650 | 0 | |a World history | |
| 700 | 1 | |a Manguel, Cathy | |
| 999 | |a 0001126113 |b Book |c Adult Collection |e Perbadanan Perpustakaan Awam Johor | ||